Complex variables and the Laplace transform for engineers (Record no. 13856)

000 -LEADER
fixed length control field 00606nam a22002051 4500
001 - CONTROL NUMBER
control field 13856
003 - CONTROL NUMBER IDENTIFIER
control field BD-DhUET
008 - FIXED-LENGTH DATA ELEMENTS--GENERAL INFORMATION
fixed length control field 840622s1961 nyua b 000 0 eng
040 ## - CATALOGING SOURCE
Original cataloging agency DLC
Transcribing agency DLC
Modifying agency BD-DhUET
082 00 - DEWEY DECIMAL CLASSIFICATION NUMBER
Classification number 517.862
Item number LEP/1961
100 ## - MAIN ENTRY--PERSONAL NAME
Personal name LePage, Wilbur R.
245 10 - TITLE STATEMENT
Title Complex variables and the Laplace transform for engineers
250 ## - EDITION STATEMENT
Edition statement 1st ed.
260 ## - PUBLICATION, DISTRIBUTION, ETC. (IMPRINT)
Place of publication, distribution, etc. Bombay
Name of publisher, distributor, etc. McGraw-Hill
Date of publication, distribution, etc. 1961
300 ## - PHYSICAL DESCRIPTION
Extent xvi, 475 p.
Other physical details ill.
Dimensions 24 cm.
490 ## - SERIES STATEMENT
Series statement International series in pure and applied mathematics
504 ## - BIBLIOGRAPHY, ETC. NOTE
Bibliography, etc Includes bibliographies
650 #0 - SUBJECT ADDED ENTRY--TOPICAL TERM
Topical term or geographic name as entry element Calculus - Complex variables
942 ## - ADDED ENTRY ELEMENTS (KOHA)
Koha item type General Book
Holdings
Location (home branch) Sublocation or collection (holding branch) Piece designation (barcode) Shelving location Koha normalized classification for sorting Damaged status Price effective from Copy number Lost status Withdrawn status Koha date last seen Source of classification or shelving scheme Koha item type Not for loan Date acquired Koha full call number
Central Library, BUETCentral Library, BUET40116Circulation section517_862000000000000_LEP_1961 2015-03-051  2015-03-05 General Book 2015-03-05517.862/LEP/1961
Central Library, BUETCentral Library, BUET24385Circulation section517_862000000000000_LEP_1961 2015-03-052  2015-03-05 General Book 2015-03-05517.862/LEP/1961
Central Library, BUETCentral Library, BUET6374Circulation section517_862000000000000_LEP_1961 2015-03-073  2015-03-07 General Book 2015-03-07517.862/LEP/1961
Central Library, BUETCentral Library, BUET51027Circulation section517_862000000000000_LEP_1961 2015-03-074  2015-03-07 General Book 2015-03-07517.862/LEP/1961
Central Library, BUETCentral Library, BUET20963Circulation section517_862000000000000_LEP_1961 2015-03-075  2015-03-07 General Book 2015-03-07517.862/LEP/1961
Central Library, BUETCentral Library, BUET42659Circulation section517_862000000000000_LEP_1961 2015-03-076  2015-03-07 General Book 2015-03-07517.862/LEP/1961
Central Library, BUETCentral Library, BUET40115Circulation section517_862000000000000_LEP_1961 2015-03-077  2015-03-07 General Book 2015-03-07517.862/LEP/1961
Central Library, BUETCentral Library, BUET39671Circulation section517_862000000000000_LEP_1961 2015-03-078  2015-03-07 General Book 2015-03-07517.862/LEP/1961
Central Library, BUETCentral Library, BUET39670Circulation section517_862000000000000_LEP_1961 2015-03-079  2015-03-07 General Book 2015-03-07517.862/LEP/1961
Central Library, BUETCentral Library, BUET42660Circulation section517_862000000000000_LEP_1961 2015-03-0710  2015-03-07 General Book 2015-03-07517.862/LEP/1961
Central Library, BUETCentral Library, BUET42661Circulation section517_862000000000000_LEP_1961 2015-03-0911  2015-03-09 General Book 2015-03-09517.862/LEP/1961
Central Library, BUETCentral Library, BUET51026Circulation section517_862000000000000_LEP_1961 2015-03-0912  2015-03-09 General Book 2015-03-09517.862/LEP/1961
Central Library, BUETCentral Library, BUET2039Circulation section517_862000000000000_LEP_1961 2015-05-0313  2015-05-03 General Book 2015-05-03517.862/LEP/1961
Central Library, BUETCentral Library, BUET6375Circulation section517_862000000000000_LEP_1961 2015-05-0314  2015-05-03 General Book 2015-05-03517.862/LEP/1961
Central Library, BUETCentral Library, BUET2041Circulation section517_862000000000000_LEP_1961 2015-05-0315  2015-05-03 General Book 2015-05-03517.862/LEP/1961
Central Library, BUETCentral Library, BUET2040Circulation section517_862000000000000_LEP_1961 2015-05-0316  2015-05-03 General Book 2015-05-03517.862/LEP/1961